Normal view
MARC view
Entry Personal Name
001 - CONTROL NUMBER
- control field: 32193
003 - CONTROL NUMBER IDENTIFIER
- control field: dpl
005 - DATE AND TIME OF LATEST TRANSACTION
- control field: 20110810095814.0
008 - FIXED-LENGTH DATA ELEMENTS
- fixed length control field: 110810|||a|||||| | ||| d
040 ## - CATALOGING SOURCE
- Original cataloging agency: dpl
- Transcribing agency: dpl
100 ## - HEADING--PERSONAL NAME
- Personal name: Jha, Prem Shankar.
670 ## - SOURCE DATA FOUND
- Source citation: Work cat.: (dpl)54573: Jha, Prem Shankar., India and China :, c2010.
670 ## - SOURCE DATA FOUND
- Source citation: Work cat.: (dpl)54573: Jha, Prem Shankar., India and China :, c2010.
